Uzbekistan in figures and pictures.
| Format: | Book |
|---|---|
| Published: |
Tashkent:
Uzinfoinvest,
2009.
|
| Subjects: |
| LEADER | 00465cam a2200145 7i4500 | ||
|---|---|---|---|
| 001 | 0000023952 | ||
| 005 | 20091210090000.0 | ||
| 090 | 0 | 0 | |a STAT 310.9 |b UZB (UZBE) |
| 245 | 0 | 0 | |a Uzbekistan in figures and pictures. |
| 260 | 0 | 0 | |a Tashkent: |b Uzinfoinvest, |c 2009. |
| 300 | # | # | |a [v.p]. |
| 650 | 0 | 0 | |a Statisticals -- |z Uzbekistan |
| 651 | 0 | 0 | |a Uzbekistan |
| 999 | |a B000025321 |b Book |c Statistics |e Business Information Centre | ||
| 999 | |a B000025297 |b Book |c Statistics |e Business Information Centre | ||